Statistics for Random Geography Trivia #6

Click here to take the quiz!

General Stats

  • This quiz has been taken 63 times
  • The average score is 8 of 10

Answer Stats

HintAnswer% Correct
From what country did the US purchase Alaska in the early 18th century?Russia
98%
True or False: The United Kingdom has the most overseas territoriesTrue
98%
What is the most populated African country?Nigeria
93%
What EU country has the largest population?Germany
88%
Where is Transylvania located?Romania
86%
What river runs through Paris?The Seine
86%
What country uses the Złoty as currency?Poland
75%
Fill in the blanks: M_ _am_ _ _ueMozambique
66%
What country’s national anthem has no official lyrics and is known in English as ‘The Royal MarchSpain
51%
Where is the world’s oldest monarchy located?Japan
32%

Score Distribution

Percentile by Number Answered

Percent of People with Each Score

Your Score History

You have not taken this quiz